=LDR 00000nam 2200000 4500 =001 INLIS000000000050444 =005 20170504014201 =035 ##$$a 0010-0517000097 =007 ta =008 170504###########################0###### =020 ##$$a 978 - 602 - 6421 - 02 - 9 =082 ##$$a 641.3 =084 ##$$a 641.3 DIV b =100 #$$a Divantary, Reva =245 1#$$a Buku pintar menu sehat tiga puluh hari /$c Riva Divantary =250 ##$$a Cet.1 =260 ##$$a Jakarta :$b Pedar Kindy,$c 2016 =300 ##$$a xviii, 180 hlm ; $c 21 cm =650 ##$$a MENU SEHAT =990 ##$$a 78287828 =990 ##$$a 78287828 =990 ##$$a 31701397 =990 ##$$a 02201707828 =990 ##$$a 31701398 =990 ##$$a 31701397